Vliv mezní vrstvy na průhledech na přesnost kvantitativního vyhodnocení interferogramů : Diskusní příspěvek k článku Karla Kozla: Numerická metoda konstrukce proudnice z interferogramu

Bibliographic Details
Main Author: Dvořák, R. (Author)
Format: Article
Language:Czech

MARC

LEADER 00000nab a2200000uu 4500
001 vtls011457317
003 SK-MaSNL
005 20260303151633.0
008 230222|1972 xo |||||||||||||||||cze|
015 |a SNBRB 
035 |a (urnnbn)urn:nbn:sk:snk:ar-a09ucz 
035 |a (uuid)63f68af2-b547-4849-acea-678fff328ff3 
035 |a urn:nbn:sk:snk-abcrxo 
040 |a SNKBUCL  |b slo  |c SNKBUCL  |e AACR2 
041 0 |a cze 
044 |a xo  |c SK 
100 1 |a Dvořák, R.  |4 aut  |9 285660 
245 1 0 |a Vliv mezní vrstvy na průhledech na přesnost kvantitativního vyhodnocení interferogramů :  |b Diskusní příspěvek k článku Karla Kozla: Numerická metoda konstrukce proudnice z interferogramu  |c R. Dvořák 
773 0 |t Strojnícky časopis  |g Roč. 23, č. 1 (1972), s. 36-40 
958 |a OND 
958 |a EUIPO 
958 |a article16 
999 |c 2018694  |d 2020624